Obálka Náhled e-knihy:
Epub
Pro půjčování e-knih musíte být přihlášeni.
Jak si půjčit online?

Poems /

Discover the English writer of romantic poems, Christina Rossetti\'s extensive collection with this comprehensive anthology. Spanning \'The Prince\'s Progress\', following the story of a princess awaiting the return of her prince and \'The Goblin Market\', the tale of L...

Celý popis

Uloženo v:
Hlavní autor: Rossetti, Christina (Autor)
Médium: E-kniha
Jazyk:Czech
Vydáno: Praha : Saga Egmont, 2022
Tagy:
Žádné tagy
LEADER 01454nam a22002297i 4500
001 312060
007 ta
008 260601s2022 xr ||||| |||| 00| 0 cze d
020 |a 9990003841421 
044 |a xr 
100 1 |a  Rossetti, Christina  |4 aut 
245 1 0 |a Poems /  |c  Rossetti, Christina 
264 1 |a Praha :  |b Saga Egmont,  |c 2022 
300 |a 1 online zdroj (219 stran) 
336 |a text  |b txt  |2 rdacontent 
337 |a bez média  |b n  |2 rdamedia 
338 |a online zdroj  |b cr  |2 rdacarrier 
520 2 |a Discover the English writer of romantic poems, Christina Rossetti\'s extensive collection with this comprehensive anthology. Spanning \'The Prince\'s Progress\', following the story of a princess awaiting the return of her prince and \'The Goblin Market\', the tale of Laura and Lizzie tempted with fruit by goblin merchants, Rossetti\'s delicate and swift prose is crafted to charm adults and children alike. Dealing with themes of female sexuality, patience and religion, Rossetti\'s \'Poems\' are the perfect companion for fans of the Radio 4 podcast \'In our Time\' 
910 |a RBIT002 
998 |d 384142  |a https://core.palmknihy.cz/api/books/384142/cover?s99k6w  |b https://core.palmknihy.cz/api/books/384142/cover/400?s99k6w  |c https://core.palmknihy.cz/api/books/384142/cover/50?s99k6w  |e   |g 219  |i 9990003841421  |j https://core.palmknihy.cz/api/books/384142/preview.epub  |l   |q 49  |r 1  |s https://www.palmknihy.cz/kniha/384142  |t ebook  |y 2022  |z 1 
999 |d 312058